STOCHASTIC PROGESSES IN DEMOGRAPHY AND APPLICATIONS (Record no. 9428)

MARC details
000 -LEADER
fixed length control field 00426nam a22001577a 4500
003 - CONTROL NUMBER IDENTIFIER
control field OSt
005 - DATE AND TIME OF LATEST TRANSACTION
control field 20260429165256.0
008 - FIXED-LENGTH DATA ELEMENTS--GENERAL INFORMATION
fixed length control field 260429b |||||||| |||| 00| 0 eng d
020 ## - INTERNATIONAL STANDARD BOOK NUMBER
International Standard Book Number 0470210468
040 ## - CATALOGING SOURCE
Transcribing agency IRDP
082 ## - DEWEY DECIMAL CLASSIFICATION NUMBER
Classification number 304.601 519 5 BIS
100 ## - MAIN ENTRY--PERSONAL NAME
Relator code AUTHOR
Personal name BISWAS, SUDDHENDU
245 ## - TITLE STATEMENT
Title STOCHASTIC PROGESSES IN DEMOGRAPHY AND APPLICATIONS
260 ## - PUBLICATION, DISTRIBUTION, ETC. (IMPRINT)
Place of publication, distribution, etc. NEW YORK;
Name of publisher, distributor, etc. JOHN WILEY & SONS,
Date of publication, distribution, etc. C1988.
942 ## - ADDED ENTRY ELEMENTS (KOHA)
Source of classification or shelving scheme Dewey Decimal Classification
Koha item type BOOKS
Holdings
Withdrawn status Lost status Source of classification or shelving scheme Damaged status Not for loan Home library Current library Shelving location Date acquired Total Checkouts Full call number Barcode Date last seen Price effective from Koha item type
    Dewey Decimal Classification     Dodoma Dodoma Ground Floor 29/04/2026   304.601 519 5 BIS LIB002892 29/04/2026 29/04/2026 BOOKS

IRDP © 2021 :: Managed by ICT Team